Návrh konštrukcie a procesu výroby exoskeletu dolných končatín
Saved in:
| Main Author: | |
|---|---|
| Other Authors: | |
| Format: | Manuscript Book |
| Language: | Slovak |
| Published: |
2024
|
| Subjects: | |
| Online Access: | http://is.stuba.sk/zp/portal_zp.pl?podrobnosti=177930 |
| Tags: |
No Tags, Be the first to tag this record!
|
MARC
| LEADER | 00000ntm a22000003a 4500 | ||
|---|---|---|---|
| 001 | stuzp98081 | ||
| 003 | SK-STU | ||
| 005 | 20240608211600.1 | ||
| 007 | ta | ||
| 008 | 150427s2015----xo-----f-mn---000-0-slo-d | ||
| 040 | |a STU |b slo | ||
| 041 | 0 | |a slo | |
| 100 | 1 | |a Labo, David |u 063000 |k Z4 |4 aut |U MTF Materiálovotechnologická fakulta |T MTF Ústav výrobných technológií |X 106441 |U M3000 |Y 83 |7 106441 | |
| 242 | 0 | 1 | |a Design of the construction and production process of the exoskeleton of the lower limbs |y eng |
| 245 | 1 | 0 | |a Návrh konštrukcie a procesu výroby exoskeletu dolných končatín |
| 260 | |c 2024 | ||
| 650 | 4 | |a exoskelet |2 slo | |
| 650 | 4 | |a ergonómia |2 slo | |
| 650 | 4 | |a 3D tlač |2 slo | |
| 650 | 4 | |a analýza chôdze |2 slo | |
| 650 | 4 | |a pracovné polohy |2 slo | |
| 650 | 4 | |a exoskeleton |2 eng | |
| 650 | 4 | |a ergonomics |2 eng | |
| 650 | 4 | |a 3D printing |2 eng | |
| 650 | 4 | |a gait analysis |2 eng | |
| 650 | 4 | |a working positions |2 eng | |
| 700 | 1 | |a Košťál, Peter |u 063800 |k Z1 |4 ths |U MTF Ústav výrobných technológií |T MTF Katedra výrobných zariadení a systémov |X 216 |U M3800 |Y 660 |7 A000000216 | |
| 856 | 4 | |u http://is.stuba.sk/zp/portal_zp.pl?podrobnosti=177930 | |
| 996 | |c M* DP-15369 |l MMSKP |s P |a 0 |w stuzp98081_0001 | ||